| 000 | 00365nam a22001337a 4500 | ||
|---|---|---|---|
| 020 | _qPB. | ||
| 040 | _cFIZZA ISHAQ | ||
| 082 |
_a388.312 _bJIA |
||
| 100 |
_aCHEN,YINGYING YU JIADI. _990861 |
||
| 245 |
_aSENSING VEHICLE CONDITIONS FOR DETECTING DRIVING BEHAVIORS / _cJIADI YU YINGYING CHEN. |
||
| 260 |
_aNEW YORK ; _c2018. |
||
| 300 | _a75 P. ; | ||
| 942 |
_2ddc _cBK |
||
| 999 |
_c589071 _d589071 |
||